[Event "WY Boys-U16"]
[Site "Porto Carras GRE"]
[Date "2010.10.30"]
[Round "11.2"]
[White "Bukavshin, Ivan"]
[Black "Lagarde, Maxime"]
[Result "1/2-1/2"]
[WhiteTitle "FM"]
[BlackTitle "FM"]
[WhiteElo "2430"]
[BlackElo "2433"]
[WhiteFideId "4199758"]
[BlackFideId "662399"]
[EventDate "2010.10.20"]

1. c4 Nf6 2. Nc3 g6 3. g3 Bg7 4. Bg2 O-O 5. d4 d6 6. Nf3 Nc6 7. O-O a6 8. Bf4
Nd7 9. Rc1 Nxd4 10. Nxd4 e5 11. Be3 exd4 12. Bxd4 Ne5 13. c5 dxc5 14. Bxc5 Re8
15. Qxd8 Rxd8 16. Nd5 Bg4 17. Nxc7 Rab8 18. Rc2 Rd7 19. Nd5 Rbd8 20. e4 Be6 21.
Bb6 Re8 22. f4 Bxd5 23. exd5 Nd3 24. b3 Nb4 25. Rd2 Bc3 26. Rdd1 Nxa2 27. Bh3 f5
28. g4 Rf8 29. Bc5 Rfd8 30. Bb6 Rf8 31. gxf5 gxf5 32. Rf3 Rf6 33. Bf2 Bb4 34.
Bh4 Rff7 35. Kh1 Kf8 36. Bg5 Nc3 37. Bh6+ Ke8 38. Rd4 a5 39. Re3+ Rde7 40. Re5
Rf6 41. Rxe7+ Bxe7 42. Bg5 Rf7 43. d6 Bxg5 44. fxg5 Kd7 45. Rf4 Kxd6 46. Rxf5
Rg7 47. Bf1 Ne4 48. Rxa5 Nxg5 49. Bg2 b6 50. Rd5+ Kc7 51. Rd4 Ne6 52. Rc4+ Kb8
53. Bd5 Nc5 54. Rf4 Kc7 55. Bc4 h6 56. h4 Rg6 57. Kh2 Kc6 58. Kh3 b5 59. Bf7 Rd6
60. Kg4 Nd3 61. Rf5 b4 62. Kh5 Nc5 63. Rf3 Nd3 64. Re3 Nf4+ 65. Kg4 Rd4 66. Be8+
Kd6 67. Kf5 h5 68. Rg3 Ne6 69. Bxh5 Rxh4 70. Rd3+ Rd4 71. Rxd4+ Nxd4+ 72. Ke4
Nxb3 73. Bf7 Na5 74. Kd4 1/2-1/2

[Event "WY Boys-U16"]
[Site "Porto Carras GRE"]
[Date "2010.10.30"]
[Round "11.3"]
[White "Liu, Chang"]
[Black "Krzyzanowski, Marcin"]
[Result "1/2-1/2"]
[WhiteElo "2162"]
[BlackElo "2356"]
[WhiteFideId "8606340"]
[BlackFideId "1132199"]
[EventDate "2010.10.20"]

1. e4 c5 2. Nf3 d6 3. d4 cxd4 4. Nxd4 Nf6 5. Nc3 a6 6. h3 e6 7. g4 Nfd7 8. Bg2
Nc6 9. Be3 Be7 10. O-O O-O 11. Qe2 Qc7 12. f4 Nxd4 13. Bxd4 b5 14. a3 Bb7 15. g5
Qc4 16. Qxc4 bxc4 17. a4 Bc6 18. Rfb1 Rab8 19. Bf1 Rb4 20. Na2 Rbb8 21. Nc3 Rb4
22. Na2 Rxa4 23. Nc3 Rxa1 24. Rxa1 Bb7 25. Bxc4 Rc8 26. Ra4 e5 27. Bf2 exf4 28.
Bxa6 Bxa6 29. Rxa6 Bxg5 30. Rxd6 Ne5 31. Rb6 h5 32. Rb5 Bf6 33. Rc5 Ra8 34. Nd5
Ra1+ 35. Kh2 f3 36. Nxf6+ gxf6 37. Kg3 Rh1 38. Bd4 h4+ 39. Kf2 Rh2+ 40. Kg1 f2+
41. Bxf2 Nf3+ 42. Kf1 Nd2+ 43. Kg1 Nf3+ 44. Kf1 Nd2+ 45. Kg1 Nf3+ 1/2-1/2

[Event "WY Boys-U16"]
[Site "Porto Carras GRE"]
[Date "2010.10.30"]
[Round "11.4"]
[White "Zhou, Yang-Fan"]
[Black "Bok, Benjamin"]
[Result "0-1"]
[WhiteTitle "FM"]
[BlackTitle "IM"]
[WhiteElo "2320"]
[BlackElo "2453"]
[WhiteFideId "468584"]
[BlackFideId "1017063"]
[EventDate "2010.10.20"]

1. e4 e5 2. Nf3 Nc6 3. d4 exd4 4. Nxd4 Bb4+ 5. c3 Bc5 6. Be3 Bb6 7. Nf5 Bxe3 8.
Nxe3 Nge7 9. c4 O-O 10. Nc3 d6 11. g4 Ng6 12. Qd2 Nce5 13. Be2 Be6 14. O-O-O a6
15. Ncd5 c6 16. Nc3 Qa5 17. Nf5 b5 18. f4 Nxc4 19. Bxc4 Bxc4 20. h4 f6 21. h5
Nxf4 22. Qxf4 b4 23. Nb1 Bxa2 24. Qxd6 Rfe8 25. Rd4 c5 26. Rd5 Rad8 27. Qxc5
Rxd5 28. Ne7+ Kf7 0-1

[Event "WY Boys-U16"]
[Site "Porto Carras GRE"]
[Date "2010.10.30"]
[Round "11.6"]
[White "Savitskiy, Sergey"]
[Black "Pardo Simon, David"]
[Result "1-0"]
[BlackTitle "FM"]
[WhiteElo "2373"]
[BlackElo "2336"]
[WhiteFideId "24105660"]
[BlackFideId "2296276"]
[EventDate "2010.10.20"]

1. Nf3 Nf6 2. d3 d5 3. g3 Nbd7 4. Bg2 e5 5. O-O Bd6 6. Nbd2 O-O 7. e4 dxe4 8.
dxe4 Re8 9. Qe2 Nc5 10. Rd1 b6 11. Nh4 Ba6 12. Qe1 c6 13. Nf1 Qc7 14. Bg5 Nfd7
15. Rd2 Ne6 16. Rad1 Bb4 17. c3 Ndf8 18. Be3 Bc5 19. Nf5 Bxe3 20. N1xe3 Red8 21.
b4 Rxd2 22. Rxd2 Rd8 23. Qd1 Rxd2 24. Qxd2 Qd7 25. Qxd7 Nxd7 26. Ne7+ Kf8 27.
Nxc6 Bb7 28. Nxa7 Nc7 29. Nd5 Bxd5 30. exd5 Ke7 31. c4 f5 32. Nc6+ Kd6 33. a3 e4
34. f3 Ne5 35. Nxe5 Kxe5 36. fxe4 fxe4 37. d6 Ne6 38. d7 Kd4 39. Kf2 Kd3 40. Ke1
Nd8 41. Bf1+ Kc3 42. Bg2 Kd3 43. c5 bxc5 44. bxc5 Kd4 45. Ke2 g6 46. Bh3 h5 47.
a4 1-0

[Event "WY Boys-U16"]
[Site "Porto Carras GRE"]
[Date "2010.10.30"]
[Round "11.7"]
[White "Handler, Lukas"]
[Black "Abasov, Nijat Azad Oglu"]
[Result "1/2-1/2"]
[BlackTitle "IM"]
[WhiteElo "2225"]
[BlackElo "2517"]
[WhiteFideId "1609580"]
[BlackFideId "13402960"]
[EventDate "2010.10.20"]

1. d4 Nf6 2. c4 g6 3. Nc3 d5 4. Nf3 Bg7 5. Bg5 Ne4 6. cxd5 Nxg5 7. Nxg5 e6 8.
Nf3 exd5 9. e3 O-O 10. Bd3 Re8 11. O-O a5 12. a3 c6 13. Rb1 Be6 14. h3 Nd7 15.
Qc2 Qf6 16. Nd2 c5 17. dxc5 Nxc5 18. Nxd5 Bxd5 19. Qxc5 Rad8 20. Bb5 Re5 21. f4
Rh5 22. Be2 Bf3 23. Qc7 Bxe2 24. Ne4 Qh4 25. g3 Rc5 26. Qxc5 Qxh3 27. Qe7 Rf8
28. Rf2 Bd3 29. Rd1 Bxe4 30. Qxe4 Qxg3+ 31. Rg2 Qh3 32. Rdd2 Rc8 33. Rc2 Rd8 34.
Rgd2 Qg3+ 35. Kf1 Qh3+ 36. Qg2 Rxd2 37. Rxd2 Qxe3 38. Rd8+ Bf8 39. Qd2 Qc5 40.
Qd4 Qc6 41. Ke2 h5 42. Qd5 Qf6 43. Qd4 Qe6+ 44. Qe5 Qg4+ 45. Kd2 Qg2+ 46. Kc1
Qf1+ 47. Kc2 1/2-1/2

[Event "WY Boys-U16"]
[Site "Porto Carras GRE"]
[Date "2010.10.30"]
[Round "11.8"]
[White "Volkov, Nika"]
[Black "Cori, Jorge"]
[Result "0-1"]
[BlackTitle "GM"]
[WhiteElo "2159"]
[BlackElo "2496"]
[WhiteFideId "13604376"]
[BlackFideId "3802272"]
[EventDate "2010.10.20"]

1. d4 Nf6 2. c4 c6 3. Nc3 d5 4. Nf3 a6 5. a4 e6 6. e3 Nbd7 7. Qc2 Bb4 8. Bd3 O-O
9. O-O Qe7 10. e4 dxc4 11. Bxc4 e5 12. d5 Nb6 13. Bb3 cxd5 14. exd5 Bg4 15. Be3
Nbd7 16. Nd2 Rac8 17. Bg5 Bh5 18. Nde4 Bg6 19. Qe2 Bxc3 20. Nxc3 h6 21. Bh4 Qb4
22. Bxf6 Nxf6 23. Ba2 e4 24. Rac1 Rfe8 25. h3 Rcd8 26. Qc4 Qxc4 27. Bxc4 Nd7 28.
Rfe1 Ne5 29. Bf1 f5 30. Rcd1 Rd6 31. Rd4 Kf7 32. a5 Kf6 33. Na4 Bf7 34. Red1 Nd7
35. b4 Rc8 36. Bc4 g5 37. f3 exf3 38. gxf3 Ne5 39. Be2 Rc2 40. Kf2 Nxf3 41. Rc4
Rd2 42. Rc7 Rxd1 43. Bxd1 Ne5 44. Rxb7 Bxd5 45. Rb6 Rxb6 46. Nxb6 Nd3+ 47. Ke3
Nxb4 48. Kd4 Bg2 49. Be2 Nc6+ 0-1

[Event "WY Boys-U16"]
[Site "Porto Carras GRE"]
[Date "2010.10.30"]
[Round "11.9"]
[White "Van Kampen, Robin"]
[Black "Kosmas-Lekkas, Dimitiros"]
[Result "1/2-1/2"]
[WhiteTitle "IM"]
[WhiteElo "2430"]
[BlackElo "2137"]
[WhiteFideId "1020854"]
[BlackFideId "4211936"]
[EventDate "2010.10.20"]

1. e4 c5 2. Nf3 Nc6 3. d4 cxd4 4. Nxd4 Nf6 5. Nc3 e5 6. Ndb5 d6 7. Bg5 a6 8. Na3
b5 9. Nd5 Be7 10. Bxf6 Bxf6 11. c4 b4 12. Nc2 O-O 13. h4 Rb8 14. b3 Be6 15. g3
a5 16. Bh3 g6 17. Kf1 Bg7 18. Kg2 f5 19. Qd3 Rb7 20. Rad1 Rbf7 21. exf5 gxf5 22.
Nde3 Qa8 23. Kh2 e4 24. Qxd6 Qc8 25. Qc5 Be5 26. Rhg1 Kh8 27. Nd4 Bxd4 28. Rxd4
Nxd4 29. Qxd4+ Rg7 30. Qe5 Bd7 31. h5 Qe8 32. Qd6 Qe7 33. Qf4 Qg5 34. h6 Rg6 35.
Qxg5 Rxg5 36. Rd1 Bc8 37. Rd5 Rg6 38. Bxf5 Rxh6+ 39. Kg2 Bxf5 40. Nxf5 Rhf6 41.
g4 h5 42. Kh3 Rg6 43. Nh4 hxg4+ 44. Kg3 Rgf6 45. Rxa5 R8f7 46. Re5 Rxf2 47. Rxe4
Rxa2 48. c5 Rc2 49. Rxb4 Rxc5 50. Kxg4 1/2-1/2

[Event "WY Boys-U16"]
[Site "Porto Carras GRE"]
[Date "2010.10.30"]
[Round "11.10"]
[White "Makhmutov, Rail"]
[Black "Anton Guijarro, David"]
[Result "0-1"]
[BlackTitle "FM"]
[WhiteElo "2156"]
[BlackElo "2403"]
[WhiteFideId "4122151"]
[BlackFideId "2285525"]
[EventDate "2010.10.20"]

1. e4 c5 2. Nf3 d6 3. d4 cxd4 4. Nxd4 Nf6 5. Nc3 Nc6 6. f3 e5 7. Nb3 Be6 8. Be3
Be7 9. Qd2 O-O 10. O-O-O a5 11. Kb1 a4 12. Nc1 a3 13. b3 Ra5 14. Bc4 Bxc4 15.
bxc4 Ra6 16. Nb3 Qc8 17. Nd5 Nxd5 18. cxd5 Nb8 19. Qb4 Qd7 20. Rd3 Ra4 21. Qd2
Na6 22. Nc1 Rc8 23. Rb3 Rac4 24. Rxa3 f5 25. Nd3 fxe4 26. fxe4 Rxc2 27. Qd1 Rxg2
28. Rg1 Rxg1 29. Bxg1 Bg5 30. Bf2 Bh6 31. Kb2 Rf8 32. Rb3 Rf7 33. Ka3 g6 34. h4
Bf8 35. Be3 Nc5 36. Nxc5 dxc5 37. Kb2 c4 38. Rc3 Qb5+ 39. Ka1 Bb4 40. Rc1 Ba3
41. Rb1 Qa5 42. Qc2 c3 43. Rd1 Bb2+ 44. Kb1 Qb4 45. d6 Rd7 46. Qb3+ Qxb3 47.
axb3 Ba3 48. Kc2 Rxd6 49. Rxd6 Bxd6 50. Kxc3 b5 51. Kd3 Be7 52. Bf2 Kg7 53. Bg3
Bd6 54. Ke2 Kh6 55. Ke3 Kh5 56. Kf3 Bc7 57. Be1 Bd8 58. Bg3 Bf6 59. Kg2 Kg4 60.
Bh2 Kxh4 0-1

[Event "WY Boys-U16"]
[Site "Porto Carras GRE"]
[Date "2010.10.30"]
[Round "11.11"]
[White "Kigel, Dmytro"]
[Black "Donskov, Anatoly"]
[Result "1/2-1/2"]
[WhiteTitle "FM"]
[WhiteElo "2131"]
[BlackElo "2280"]
[WhiteFideId "14117932"]
[BlackFideId "24143413"]
[EventDate "2010.10.20"]

1. d4 Nf6 2. Nf3 e6 3. c4 b6 4. a3 c5 5. e3 Bb7 6. Nc3 d5 7. cxd5 exd5 8. Be2
Be7 9. O-O O-O 10. b3 Nc6 11. Bb2 Rc8 12. Ne5 Nxe5 13. dxe5 Ne4 14. Nxe4 dxe4
15. Qc2 Qc7 16. Bc4 Qc6 17. a4 Rcd8 18. Qe2 Qg6 19. a5 Bd5 20. Bxd5 Rxd5 21. Qa6
Rd7 22. Rad1 Rc7 23. Rd5 Rd8 24. Rxd8+ Bxd8 25. Rd1 Be7 26. Qb5 Bf8 27. a6 Qe6
28. h3 Qc8 29. Qc4 Rd7 30. Rxd7 Qxd7 31. Qxe4 Qd1+ 32. Kh2 Qxb3 33. Qb7 Qxb2 34.
Qxa7 Qxe5+ 35. f4 Qxe3 36. Qb8 g5 37. Qe5 Qa3 38. Qxg5+ Kh8 39. Qd8 Kg8 40. Qg5+
Kh8 41. Qf6+ Kg8 1/2-1/2

[Event "WY Boys-U16"]
[Site "Porto Carras GRE"]
[Date "2010.10.30"]
[Round "11.13"]
[White "Gabuzyan, Hovhannes"]
[Black "Bajarani, Ulvi"]
[Result "1/2-1/2"]
[BlackTitle "IM"]
[WhiteElo "2261"]
[BlackElo "2408"]
[WhiteFideId "13303732"]
[BlackFideId "13403028"]
[EventDate "2010.10.20"]

1. Nf3 Nf6 2. g3 g6 3. b3 Bg7 4. Bb2 O-O 5. Bg2 c5 6. c4 Nc6 7. O-O d6 8. Nc3 e5
9. Ne1 Be6 10. Nc2 Qd7 11. Nd5 Bh3 12. Nce3 Bxg2 13. Nxf6+ Bxf6 14. Kxg2 Bg7 15.
Nd5 f5 16. f3 e4 17. Bxg7 exf3+ 18. exf3 Qxg7 19. Qc2 Rae8 20. Rae1 Nd4 21. Qd3
Qf7 22. Re3 Re6 23. Rfe1 Rfe8 24. Nf4 Re5 25. Ne2 Nc6 26. Qxd6 R8e6 27. Qd3 Nb4
28. Qc3 Rxe3 29. dxe3 Nxa2 30. Qd2 Nb4 31. Nf4 Re8 32. Rd1 Nc6 33. Qc3 Qe7 34.
Kf2 Nb4 35. h4 Rd8 36. Rxd8+ Qxd8 37. h5 g5 38. Ne6 Qe7 39. h6 Kf7 40. Nxc5 Qxc5
41. Qg7+ Ke8 42. Qg8+ Qf8 43. Qxh7 Nd3+ 44. Ke2 Nc1+ 45. Kf1 Nxb3 46. Qxb7 Qxh6
47. Qxb3 Qh1+ 48. Ke2 Qg2+ 49. Kd3 Qf1+ 50. Kd4 Qxf3 51. Ke5 Qxg3+ 52. Kxf5 Kd8
53. Qa3 g4 54. Qxa7 Qf3+ 55. Ke5 g3 56. Qb8+ Ke7 57. Qc7+ Kf8 58. Qd8+ Kf7 59.
Qg5 g2 60. c5 Qc6 1/2-1/2

[Event "WY Boys-U16"]
[Site "Porto Carras GRE"]
[Date "2010.10.30"]
[Round "11.14"]
[White "Tomazini, Zan"]
[Black "Narayanan, Srinath"]
[Result "0-1"]
[BlackTitle "IM"]
[WhiteElo "2231"]
[BlackElo "2383"]
[WhiteFideId "14608162"]
[BlackFideId "5018420"]
[EventDate "2010.10.20"]

1. e4 e5 2. Nf3 Nc6 3. d4 exd4 4. Nxd4 Bc5 5. Be3 Qf6 6. c3 Nge7 7. Bc4 Ne5 8.
Be2 Qg6 9. O-O O-O 10. f4 Qxe4 11. Bf2 Qxf4 12. Nb5 Be3 13. g3 Qe4 14. c4 Bxf2+
15. Rxf2 Qc6 16. N1c3 a6 17. Nd4 Qd6 18. Ne4 Qg6 19. Rf4 d5 20. cxd5 Nxd5 21.
Nf5 Qb6+ 22. Kh1 Nxf4 23. Ne7+ Kh8 24. gxf4 Qb4 25. Qd5 Ng4 26. Bd3 Qxe7 27. Rg1
f5 28. Rxg4 fxe4 29. Qxe4 Qxe4+ 0-1

[Event "WY Boys-U16"]
[Site "Porto Carras GRE"]
[Date "2010.10.30"]
[Round "11.15"]
[White "Nagy, Gabor"]
[Black "Sapozhnikov, Roman"]
[Result "1-0"]
[WhiteElo "2372"]
[BlackElo "2226"]
[WhiteFideId "737119"]
[BlackFideId "2601842"]
[EventDate "2010.10.20"]

1. e4 c5 2. Nf3 d6 3. d4 cxd4 4. Nxd4 Nf6 5. Nc3 a6 6. Bc4 e6 7. Bb3 Nbd7 8. Bg5
Nc5 9. f4 b5 10. f5 b4 11. Na4 Nxb3 12. axb3 e5 13. Bxf6 Qxf6 14. Nf3 Rb8 15.
Qd2 g6 16. g4 gxf5 17. gxf5 Rg8 18. Qf2 Bd7 19. O-O-O Bxa4 20. bxa4 b3 21. Kb1
Qe7 22. Rd3 Rg4 23. cxb3 Rxe4 24. Rc1 Qd7 25. Qc2 Qxf5 26. Qc6+ Qd7 27. Qxe4 f5
28. Qd5 e4 29. Ne5 Qe7 30. Qc6+ Kd8 31. Rxd6+ 1-0

[Event "WY Boys-U16"]
[Site "Porto Carras GRE"]
[Date "2010.10.30"]
[Round "11.16"]
[White "Nasanjargal, Urtnasan"]
[Black "Tilicheev, Viacheslav"]
[Result "1/2-1/2"]
[BlackTitle "FM"]
[WhiteElo "2230"]
[BlackElo "2343"]
[WhiteFideId "4900774"]
[BlackFideId "24114928"]
[EventDate "2010.10.20"]

1. e4 e5 2. Nf3 Nc6 3. Bb5 a6 4. Ba4 Nf6 5. O-O Be7 6. Re1 b5 7. Bb3 d6 8. c3
O-O 9. h3 Na5 10. Bc2 d5 11. exd5 e4 12. Bxe4 Nxe4 13. Rxe4 Bb7 14. d3 Bxd5 15.
Re1 Bb7 16. Bf4 Re8 17. Nbd2 Qxd3 18. Bxc7 Nc4 19. Nxc4 Qxc4 20. Be5 Rad8 21.
Bd4 Qc6 22. Qd2 Qg6 23. Qf4 Bd6 24. Qg4 Qxg4 25. hxg4 Bd5 26. a3 f6 27. Nh4 Kf7
28. Nf5 Bf8 29. f3 g6 30. Ne3 Bb3 31. Kf2 Re6 32. Nf1 Rde8 33. Rxe6 Rxe6 34. Nd2
Bc2 35. Be3 Bd3 36. Nb3 Bc4 37. Na5 Bd5 38. Rd1 Ba8 39. Nb3 Rd6 40. Rh1 Bd5 41.
Na5 Kg8 42. Bc5 Rd7 43. Bxf8 Kxf8 44. Rd1 Ke8 45. b3 Ba8 46. Rxd7 Kxd7 47. Ke3
Kc7 48. Kd4 h5 49. gxh5 gxh5 50. c4 Kb6 51. b4 h4 52. Ke3 bxc4 53. Nxc4+ Kb5 54.
Nb2 Bd5 55. Kf4 Be6 56. Ke3 Bd5 57. Nd3 Ka4 58. Nc5+ Kxa3 59. Nxa6 Bc4 60. Nc5
Kxb4 61. Ne4 Be6 62. Kf2 Kc4 63. Nxf6 Kd4 64. Ne4 Bf5 65. Ng5 Ke5 66. Ke3 Bd7
67. f4+ Kf5 68. Nf3 Bc8 69. Nxh4+ Kg4 70. Nf3 Kg3 71. Ne1 Bf5 72. Nf3 Bc8 73.
Ke4 Kxg2 74. Ng5 Kg3 75. Ke5 Kg4 76. Ne4 Kh5 77. Ng5 Kg6 78. Ne6 Kf7 79. Ng5+
Ke7 80. Ne4 Bd7 81. Nf6 Be6 82. Nh5 Bd7 83. Ng7 Bc8 84. Nf5+ Bxf5 1/2-1/2

[Event "WY Boys-U16"]
[Site "Porto Carras GRE"]
[Date "2010.10.30"]
[Round "11.17"]
[White "Straka, Josef Jr."]
[Black "Meribanov, Vitaly"]
[Result "1/2-1/2"]
[WhiteTitle "FM"]
[WhiteElo "2307"]
[BlackElo "2219"]
[WhiteFideId "14910560"]
[BlackFideId "13504363"]
[EventDate "2010.10.20"]

1. d4 Nf6 2. c4 c5 3. d5 b5 4. cxb5 a6 5. bxa6 Bxa6 6. Nc3 g6 7. g3 d6 8. Bg2
Bg7 9. Nf3 O-O 10. O-O Bb7 11. h3 Nbd7 12. e4 Qa5 13. Bd2 Rfb8 14. Qc2 Ne8 15.
Nd1 Qb6 16. Bc3 Ba6 17. Re1 Nc7 18. Bxg7 Kxg7 19. b3 f6 20. Ne3 Qb4 21. h4 Nb5
22. Nc4 Ne5 23. Ncxe5 fxe5 24. Bf1 Rf8 25. Bxb5 Bxb5 26. Re3 1/2-1/2

[Event "WY Boys-U16"]
[Site "Porto Carras GRE"]
[Date "2010.10.30"]
[Round "11.18"]
[White "Kriebel, Tadeas"]
[Black "Villalba, Marcelo"]
[Result "1/2-1/2"]
[WhiteTitle "FM"]
[BlackTitle "IM"]
[WhiteElo "2299"]
[BlackElo "2106"]
[WhiteFideId "330027"]
[BlackFideId "3701859"]
[EventDate "2010.10.20"]

1. e4 e5 2. Nf3 Nc6 3. Bb5 f5 4. Nc3 fxe4 5. Nxe4 Be7 6. d4 exd4 7. Nxd4 Nf6 8.
Ng3 Nxd4 9. Qxd4 c5 10. Qd2 O-O 11. O-O d5 12. b3 c4 13. bxc4 a6 14. Ba4 dxc4
15. c3 Qxd2 16. Bxd2 b5 17. Bc2 Bb7 18. Nf5 Bc5 19. Be3 Bxe3 20. Nxe3 Rfd8 21.
Rfd1 Ne4 22. Bxe4 Bxe4 23. a4 Rxd1+ 24. Rxd1 bxa4 25. f3 Bd3 26. Ra1 Rb8 27.
Rxa4 Rb3 28. Nd5 Rb5 29. Nc7 Rb1+ 30. Kf2 Rb2+ 31. Kg1 Rb1+ 32. Kf2 Rb2+ 33. Kg1 1/2-1/2